| 000 | 01507nam0a2200349 4500 | ||
|---|---|---|---|
| 001 | RU\NLR\bibl\1756427 | ||
| 005 | 20250616122356.0 | ||
| 010 |
_a978-5-699-47124-9 _92500 |
||
| 021 |
_aRU _b2011-14281 _9131д/11 |
||
| 035 | _a(nilc)RSL-KNO-004914987 | ||
| 035 | _a(NLR Aleph) 001747264 | ||
| 090 |
_a1496584 _c1496584 |
||
| 100 | _a20110309d2011 |||y0rusy50 ca | ||
| 101 | 0 | _arus | |
| 102 | _aRU | ||
| 105 | _ay ||||||||| | ||
| 200 | 1 |
_aКак меня защищает Трудовой кодекс _eответы на все вопросы _e[трудовой и гражданско-правовой договор - в чем разница? Что делать, если вас вынуждают уйти "по собственному желанию"? В каких условиях должна работать беременная женщина?] _fЕ. С. Башкова |
|
| 210 |
_aМосква _cЭксмо _d2011 |
||
| 215 |
_a318, [1] с. _d20 |
||
| 225 | 1 | _aУмей защитить себя | |
| 225 | 1 | _aНародный адвокат | |
| 606 | 1 |
_aТрудовые правоотношения _yРоссийская Федерация _92286871 _3RU\NLR\AUTH\661369804 |
|
| 686 | 1 | _aХ627.1 | |
| 700 | 1 |
_aБашкова _bЕ. С. _gЕлена Сергеевна _4070 |
|
| 801 | 0 |
_aRU _bRuMoRKP _c20110309 _grcr |
|
| 801 | 1 |
_aRU _bРГБ _c20110309 |
|
| 801 | 2 |
_aRU _bNLR _c20110408 _grcr |
|
| 942 | _cBOOK | ||
| 980 | _aNB | ||
| 980 | _aNBR | ||